Auto Marken - Statistiken

Allgemein
  • Dieses Quiz wurde 1.134 mal gespielt
    290 seit der letzten Aktualisierung
  • Das Durchschnittsergebnis liegt bei 18 aus 20
Antwortstatistiken
Bildquiz Antwort % Korrekt
Audi
100%
BMW
100%
Ford
100%
Mercedes
100%
Tesla
99%
Ferrari
98%
Porsche
98%
Skoda
95%
Honda
94%
Toyota
93%
Seat
91%
Lamborghini
88%
Fiat
84%
Land Rover
84%
Hyundai
83%
Chevrolet
81%
Suzuki
79%
Lexus
75%
Subaru
68%
Peugeot
64%
Keine übereinstimmenden Quizze gefunden
Verteilung der Resultate
Anzahl Personen mit jedem Resultat
Perzentil nach korrekt beantworteten Fragen
Ihre Resultats-Entwicklung
Sie haben dieses Quiz seit der letzten Aktualisierung nicht gespielt